000 00838nam a2200229 a 4500
001 000024708
005 20260202095302.0
008 110131s1998 ag a 000 0 spa d
020 _a9879065514
040 _aDO-SdBNP
_bspa
_cBNPHU
082 _a921
_bB876c
100 1 _aBroussalis, Martín
_950683
245 1 0 _aCastaneda para principiantes /
_cMartín Broussalis ; ilustracción Martín Arvallo; edición Juan Carlos Kreimer.
260 _aBuenos Aires, (Argentina) :
_bEra Naciente,
_c1998.
300 _a176 p. :
_bil. ;
_c20 cm.
490 1 _aEra naciente.
_aDocumentales ilustrados
_v40.
600 1 4 _aCASTANEDA, CARLOS, 1925-1998
_950684
650 0 _aEspiritualidad
_9613
700 1 _aKreimer, Juan Carlos,
_eed.
_950685
700 1 _aArvallo, Martín,
_eil.
_950686
830 3 _aEra naciente
_pDocumentales Ilustrados
_v40
_950687
999 _c24201
_d24201